| 000 | 00600nam a2200169 a 4500 | ||
|---|---|---|---|
| 001 | BRCA_1260 | ||
| 005 | 20190320203342.0 | ||
| 008 | 121005s2003----sp-a---###---#000-0#spa-d | ||
| 050 | 4 |
_aN8050 _b.S35 2003 |
|
| 100 | 1 |
_aSales de Ferri Chulio, Andrés de _cReverendo _94153 |
|
| 245 | 1 | 0 |
_aEl cristo de San Salvador en la iconografía _bpopular valentino _cRvdo. Andres de Sales de Ferri Chulio. |
| 260 |
_aValencia _bSan Luis Palacios _c2003 |
||
| 300 |
_a57 p. _bil. _c34 cm. |
||
| 504 | _aBibliografía: p. 57-60 | ||
| 650 | 1 | 4 |
_aEstampas religiosas _vCatálogos _zValentina (España) _94154 |
| 942 |
_2lcc _cB |
||
| 999 |
_c1129 _d1129 |
||